Every 100,000+ city in India: Haryana - Statistics

General Stats
  • This quiz has been taken 9 times
  • The average score is 13 of 36
Answer Stats
Letter Population City % Correct
F 2,361,606 Faridabad
88%
P 530,160 Panipat
75%
S 471,190 Sonipat
75%
A 1,003,408 Ambala
63%
G 1,605,960 Gurgaon
63%
H 665,015 Hisar
63%
K 803,097 Kurukshetra
63%
R 823,503 Rohtak
63%
Y-N 904,733 Yamuna Nagar
63%
B 422,012 Bahadurgarh
50%
K 492,220 Karnal
50%
P 335,065 Panchkula
50%
R 308,430 Rewari
50%
B 265,083 Bhiwani
38%
J 415,502 Jind
38%
K 236,604 Kaithal
38%
S 370,087 Sirsa
38%
F 187,900 Fatehabad
25%
J 103,565 Jhajjar
25%
P 455,049 Palwal
25%
T 206,415 Thanesar
25%
A-S 391,204 Ambala Sadar
13%
B 124,145 Barwala
13%
C-D 155,916 Charkhi Dadri
13%
G 133,885 Gohana
13%
H 244,559 Hansi
13%
H 113,090 Hodal
13%
J 310,386 Jagadhri
13%
M-D 162,510 Mandi Dabwali
13%
N 218,330 Narnaul
13%
N 110,493 Narwana
13%
P 107,513 Pinjore
13%
R 102,048 Ratia
13%
S 116,086 Shahbad
13%
S 105,757 Sohna
13%
T 149,054 Tohana
13%
No matching quizzes found
Score Distribution
Percent of People with Each Score
Percentile by Number Answered
Your Score History
You have not taken this quiz